000 00679nam a2200229Ia 4500
005 20250508164749.0
008 008 250505s9999 xx 000 0 eng d
020 _a978-81-7829-913-6
037 _aReference
040 _aFEDL
_beng
_cFEDL
041 _aeng
_2eng
084 _a371.9, BOW/RR
_qFEDL
100 _aBowen Maggie
_9779107
245 0 _aAutism inclusion toolkit: Training materials and facilitator notes
260 _aLondon, UK
_bSage Publications Ltd.
_c2008
300 _axiv,106p.
365 _aGBP
_b25.99
650 _aSpecial education
700 _a Plimley Lynn
_9779108
942 _cREF
_h371.9, BOW/RR
999 _c1390994
_d1390994